000 00481cam a22002051 4500
001 sa 68009030
003 DLC
005 20260227112539.0
008 890505s1968 ii 000 0 beno
010 _asa 68009030
035 _a(OCoLC)19660521
040 _aDLC
_cWaU
_dDLC
042 _apremarc
050 0 0 _aPK1718.M5
_bA7
100 1 _aMitra, Premendra.
245 1 0 _aĀgrā yakhana ṭalamala.
260 _c[1968]
300 _a91 p.
_c23 cm.
500 _aIn Bengali.
999 _c82666
_d82666